| 000 | 00583nam a22001457a 4500 | ||
|---|---|---|---|
| 999 |
_c60814 _d60814 |
||
| 005 | 20231024171636.0 | ||
| 008 | 231024s1964 ru ||||| |||| 00| 0 rus d | ||
| 080 | _a908(37)+94(37)+008(37)+39(=071) C-32 | ||
| 100 |
_aСергеенко, M. E. _920230 |
||
| 245 |
_aЖизнь древнего Рима : _bОчерки быта / _cМария Ефимовна Сергеенко. |
||
| 264 |
_aМосква-Ленинград : _bНаука, _c1964. |
||
| 300 |
_a336 стр.: _bил. ; _c22 см. |
||
| 653 | _aძველი რომის ცხოვრება | ||
| 942 |
_2udc _cBK |
||